000 00812nam a2200289Ia 4500
003 OSt
005 20220912145153.0
006 a|||||r|||| 00| 0
007 ta
008 220909b |||||||| |||| 00| 0 eng d
020 _a9780763757373 (hbd)
024 _a109045
037 _cTextbook
040 _aCSL
_beng
_cCSL
041 _aeng
082 _aY7:(G:6), P5;Q1;2 TEB
100 _aHedrick Philip W
245 0 _aGenetics of populations
250 _a4
260 _aBoston
_bJones and Bartlett Publishers
_c2011
300 _axiv, 675p.
_ccm.
500 _aBibliography 599-658p.; Index 663-675p.
650 _a Population genetics
650 _aEnvironmental Biology
942 _hY7:(G:6), P5;Q1;2 TEB
_cTB
_2CC
999 _c24957
_d24957